000 01065nam a22002895i 4500
001 178559
003 ES-MaACL
005 20250811062538.0
008 110607s1983 sp |||| | spa d
020 _a84-7483-393-0
080 _a821.134.2-2
245 0 0 _aTeatro español.
_nVIII.
260 _aMadrid :
_bMinisterio de Cultura, Subdirección General de Estudios y Coordinación,
_c[1983]
300 _a313 p. ;
_c21 cm.
505 8 0 _aContiene: O locura o santidad / José Echegaray. Un drama nuevo / Manuel Tamayo y Baus. El burlador de Sevilla / Tirso de Molina
650 4 _aTeatro español-
_yS.XVI-XVII.
_917350
650 4 _aTeatro español-
_yS.XIX.
_917346
700 1 _aEchegaray, José,
_d1832-1916
_946526
700 1 _aTamayo y Baus, Manuel.
_9109165
700 1 _aMolina, Tirso de,
_d1579-1648
_9226522
710 1 _aEspaña.
_bMinisterio de Cultura
_93850
740 0 2 _aO locura o santidad.
740 3 2 _aUn drama nuevo.
740 3 2 _aEl burlador de Sevilla.
852 _aES-MaACL
_jE-15335
_xOlim P-247
999 _c178559
_d178559